000 00690nam a2200181Ia 4500
008 090124s9999 xx 000 0 und d
082 _b37082
100 _aटिळक अशोक देवदत्त
245 _a चालता बोलता चमत्कार
250 _a1
260 _b"पॉप्युलर प्रकाशन ,बाँम्बे"
_c2000
300 _a440
600 _aटिळक अशोक देवदत्त
630 _a चालता बोलता चमत्कार
700 _aटिळक अशोक देवदत्त
730 _a चालता बोलता चमत्कार
942 _cBOOK
999 _c103082
_d103082